000 00816nam a22001577a 4500
003 OSt
005 20151007154641.0
008 151007b xxu||||| |||| 00| 0 eng d
040 _cRUA
082 _aAVM CHH 2006 B076 Or.1
100 _92295
_aCHHOUN, KINCHHOUNG.
245 _aStudy on addition of bud of water hyacinth on growth rate on avian broiler at royal university of agriculture, ការសិក្សាពីការបន្ថែមត្រួយកំប្លោកទៅលើការលូតលាស់របស់មាន់សាច់ពូជAVIAN នៅស្ថានីយ័ចិញ្ចឹមសត្វនៃសាកលវីទ្យាល័យភូមិន្ទកសិកម្ម
260 _aPhnom Penh
_bRUA
_c2006
300 _a45p.
_bill.
_c29cm.
942 _2ddc
_cAVM
999 _c2164
_d2164